| 000 | 01052nam a2200217 a 4500 | ||
|---|---|---|---|
| 001 | 000026404 | ||
| 005 | 20200930030214.0 | ||
| 008 | 110316s1992 mx ac r 000 0 spa d | ||
| 040 |
_aDO-SdBNP _bspa _cBNPHU |
||
| 082 |
_axxx _bV715s |
||
| 100 | 1 |
_aVillamán Pérez, Marcos _953447 |
|
| 245 | 1 | 0 |
_aEn solidaridad con la vida : _bdiez años de impulso solidario del Secretariado Internacional Cristiano de Solidaridad con América Latina "Óscar A. Romero" / _cMarcos Villamán Pérez ; edición a cargo de Leticia Rentería Chávez ; prefacio Samuel Ruiz García. |
| 260 |
_aMéxico, D. F. : _bSecretariado Internacional Cristiano de Solidaridad con América Latina, _c1992. |
||
| 300 |
_a183, [8] p. : _bil., retrs. ; _c21 cm. |
||
| 500 | _aIncluye datos del autor en la solapa | ||
| 500 | _aIncluye referencias bibliográficas y notas al pie de las páginas | ||
| 586 | _aLa biblioteca posee un ejemplar autobiográfiado por el autor | ||
| 700 | 1 |
_aRentería Chávez, Leticia _eed. _953448 |
|
| 700 | 1 |
_aRuiz García, Samuel _953449 |
|
| 049 | _aBNGR | ||
| 999 |
_c25896 _d25896 |
||